| 000 | 00000nas##2200000za#4500 |
| 001 | 9.506910 |
| 003 | CaOODSP |
| 005 | 20220224110458 |
| 007 | cr ||||||||||| |
| 008 | 150406c2000||||xxc|| p o||||f| |0eng|d |
| 022 | |a1497-2239 |
| 040 | |aCaOODSP|beng |
| 043 | |an-cn--- |
| 086 | 1 |aFo76-1E-PDF |
| 110 | 2 |aCanadian Council of Forest Ministers. |
| 245 | 10|aCriteria and indicators of sustainable forest management in Canada - national status |h[electronic resource] |
| 260 | |aOttawa - Ontario : |bCanadian Council of Forest Ministers |
| 310 | |aIrregular |
| 362 | 1 |a2000-2005 |
| 690 | 07|aForestry policy|2gcpds |
| 775 | 08|tCritères et indicateurs de l'aménagement durable des forêts au Canada. Bilan national |w(CaOODSP)9.503306 |